[Event "Rated Blitz game"]
[Site "?"]
[Date "2021.01.05"]
[Round "?"]
[White "santomega91"]
[Black "Jomajo"]
[Result "0-1"]
[WhiteElo "2460"]
[BlackElo "2561"]
[PlyCount "122"]
[EventDate "2021.??.??"]
[EventType "blitz"]

1. e4 e5 2. Nf3 d5 3. exd5 e4 4. Ne5 Qxd5 5. d4 exd3 6. Nxd3 Nc6 7. Nc3 Qa5 8.
Be2 Nf6 9. O-O Bd6 10. Re1 O-O 11. Bf4 Rd8 12. Bxd6 Rxd6 13. Qc1 Nd4 14. Bf1
Bf5 15. h3 Rad8 16. a3 Qb6 17. Nb4 a5 18. Nd3 h6 19. Na4 Qc6 20. Nc3 Nxc2 21.
Qxc2 Bxd3 22. Bxd3 Rxd3 23. Rad1 Rxd1 24. Rxd1 Rxd1+ 25. Qxd1 Qd6 26. Qf3 c6
27. Qf5 b6 28. Qc8+ Kh7 29. Qf5+ g6 30. Qc8 Kg7 31. Qb7 Nd7 32. Qa6 Qe5 33. Qd3
Nc5 34. Qd2 a4 35. g3 h5 36. h4 Kh7 37. Kh2 Kg7 38. Kg1 Nb3 39. Qd8 Nd4 40.
Qxb6 g5 41. hxg5 h4 42. gxh4 Nf3+ 43. Kf1 Qe1+ 44. Kg2 Nxh4+ 45. Kg3 Nf5+ 46.
Kg2 Qe6 47. Qc5 Nh4+ 48. Kg3 Nf5+ 49. Kg2 Kh7 50. Qb4 Kg6 51. Qe4 Qd6 52. Qxa4
Kh5 53. Qe4 Nh4+ 54. Kg1 Qd7 55. Qh7+ Kg4 56. Qe4+ Kxg5 57. Qe3+ Kg6 58. Ne4 f6
59. Qg3+ Kf7 60. Qxh4 Qd1+ 61. Kg2 Qd5 {Time forfeit} 0-1

[Event "Rated Blitz game"]
[Site "?"]
[Date "2021.01.05"]
[Round "?"]
[White "Damchess123"]
[Black "Jomajo"]
[Result "0-1"]
[WhiteElo "2391"]
[BlackElo "2566"]
[PlyCount "88"]
[EventDate "2021.??.??"]
[EventType "blitz"]

1. e4 e5 2. Nf3 d5 3. exd5 e4 4. Qe2 Qe7 5. Nd4 Qe5 6. Nb5 a6 7. d4 Qe7 8. N5c3
f5 9. g4 Nf6 10. g5 Nfd7 11. Bg2 c6 12. f3 exf3 13. Bxf3 Qxe2+ 14. Kxe2 Bd6 15.
Be3 O-O 16. Nd2 Re8 17. Nc4 Bc7 18. Kf2 Nb6 19. Ne5 cxd5 20. Nxd5 Nxd5 21.
Bxd5+ Be6 22. Bxb7 Ra7 23. Bf3 Bb6 24. c3 Nd7 25. Nc6 Rc7 26. Bf4 Rcc8 27. Rhe1
Nf8 28. Nb4 Ng6 29. Bd6 a5 30. Rxe6 axb4 31. Bd5 Kh8 32. Bxb4 Red8 33. Bb3 Nf4
34. Re3 Rb8 35. h4 Rxd4 36. cxd4 Bxd4 37. Kf3 Bxe3 38. Kxe3 Rxb4 39. Rf1 Ng2+
40. Kf2 Nxh4 41. Kg3 Rg4+ 42. Kh3 g6 43. Rd1 Kg7 44. Rd7+ Kf8 {Time forfeit}
0-1

[Event "Rated Blitz game"]
[Site "?"]
[Date "2021.01.05"]
[Round "?"]
[White "Damchess123"]
[Black "Jomajo"]
[Result "0-1"]
[WhiteElo "2392"]
[BlackElo "2565"]
[PlyCount "68"]
[EventDate "2021.??.??"]
[EventType "blitz"]

1. e4 e5 2. Nf3 d5 3. d4 dxe4 4. Nxe5 Bd6 5. Nc4 Nf6 6. Nxd6+ Qxd6 7. Be3 O-O
8. Be2 Nd5 9. O-O f5 10. c4 Nf6 11. Qd2 Nc6 12. c5 Qe7 13. f4 Nd5 14. Bc4 Be6
15. Bxd5 Bxd5 16. Nc3 Rad8 17. Nxd5 Rxd5 18. Qc3 Rfd8 19. Rad1 Qf7 20. Rf2 Ne7
21. b4 c6 22. a4 R5d7 23. b5 Nd5 24. Qa3 Qf6 25. Rfd2 h6 26. g3 Kh7 27. Kf2 g5
28. Qb2 gxf4 29. Bxf4 Nxf4 30. gxf4 Qh4+ 31. Kg1 Rg8+ 32. Kh1 e3 33. Rg2 Rdg7
34. Rdg1 Rxg2 {Normal} 0-1

[Event "Rated Blitz game"]
[Site "?"]
[Date "2021.01.05"]
[Round "?"]
[White "nebulo89"]
[Black "Jomajo"]
[Result "1-0"]
[WhiteElo "2404"]
[BlackElo "2576"]
[PlyCount "131"]
[EventDate "2021.??.??"]
[EventType "blitz"]

1. e4 e5 2. Nf3 d5 3. exd5 e4 4. Qe2 Qe7 5. Nd4 Qe5 6. Nb3 Nf6 7. Nc3 Bd6 8. d3
exd3 9. Qxe5+ Bxe5 10. Bxd3 Bxc3+ 11. bxc3 Nxd5 12. Ba3 Be6 13. O-O Nf4 14.
Rfe1 Nxd3 15. cxd3 Nd7 16. Nd4 Nf8 17. Bxf8 Rxf8 18. Nxe6 fxe6 19. Rxe6+ Kd7
20. Re3 Rf7 21. d4 b5 22. Rb1 a6 23. f3 Rf6 24. Rbe1 Rf7 25. Re5 Rb8 26. a3 Rb6
27. Kf2 Rc6 28. R1e3 h6 29. g3 Rd6 30. f4 Rc6 31. Kf3 Rc4 32. Re6 Ra4 33. g4
Rxa3 34. f5 a5 35. Ra6 a4 36. Kf4 Ra1 37. h4 Rf1+ 38. Kg3 Rg1+ 39. Kh3 Rh1+ 40.
Kg3 Rg1+ 41. Kf4 Rf1+ 42. Rf3 Rh1 43. Ra5 Kc6 44. c4 bxc4 45. Rc3 Rxh4 46. Rxa4
h5 47. Raxc4+ Kb7 48. Rg3 hxg4 49. Rxg4 Rh5 50. Rc5 c6 51. Rg6 Rc7 52. Rc1 Rh4+
53. Ke5 Re7+ 54. Re6 Rc7 55. d5 cxd5 56. Rxc7+ Kxc7 57. Re7+ Kc6 58. Rxg7 Rh1
59. f6 Re1+ 60. Kf5 Rf1+ 61. Kg6 d4 62. f7 d3 63. Rg8 Kc5 64. f8=Q+ Rxf8 65.
Rxf8 d2 66. Rd8 {Normal} 1-0

[Event "Rated Blitz tournament wt8Mi5iO"]
[Site "?"]
[Date "2021.01.05"]
[Round "?"]
[White "chessblogger"]
[Black "KrAKeN_1"]
[Result "1-0"]
[WhiteElo "2367"]
[BlackElo "2458"]
[PlyCount "73"]
[EventDate "2021.??.??"]
[EventType "blitz"]

1. e4 e5 2. Nf3 d5 3. Nxe5 Bd6 4. d4 dxe4 5. Nc4 Nf6 6. Nc3 O-O 7. Be2 Nc6 8.
O-O Bf5 9. Bg5 Nxd4 10. Nxd6 Qxd6 11. h3 Bg6 12. Bc4 Rad8 13. Qc1 h6 14. Bf4
Qc5 15. Bb3 b5 16. a3 a5 17. Re1 Nh5 18. Be3 b4 19. axb4 axb4 20. Na4 Qc6 21.
Bxd4 Rxd4 22. Qe3 Rfd8 23. Rac1 Kh8 24. c3 Rd3 25. Qc5 Qd7 26. Bc4 Rd2 27. cxb4
Qxa4 28. Bb5 Qb3 29. Qxc7 Nf4 30. Qxf4 Qxb4 31. Bc4 Qxb2 32. Rb1 Qd4 33. Bxf7
Rf8 34. Rb8 Rd8 35. Bxg6 e3 36. Qf8+ Rxf8 37. Rxf8# {Normal} 1-0

[Event "Rated Blitz game"]
[Site "?"]
[Date "2021.01.05"]
[Round "?"]
[White "Barry_Lindon"]
[Black "Jomajo"]
[Result "0-1"]
[WhiteElo "2475"]
[BlackElo "2572"]
[PlyCount "88"]
[EventDate "2021.??.??"]
[EventType "blitz"]

1. e4 e5 2. Nf3 d5 3. Nc3 d4 4. Ne2 d3 5. cxd3 Nc6 6. Ng3 Bc5 7. Be2 h5 8. h4
g6 9. O-O Nf6 10. b3 Ng4 11. Bb2 Qe7 12. Rc1 Bb6 13. a3 a5 14. Rc4 Be6 15. Rc1
Rd8 16. Qc2 O-O 17. Ng5 Bc8 18. Bxg4 Bxg4 19. Qc4 Kg7 20. d4 Nxd4 21. b4 f6 22.
bxa5 Bxa5 23. Nh3 Bxh3 24. gxh3 c6 25. Bc3 Nf3+ 26. Kg2 Nxh4+ 27. Kh1 Bxc3 28.
Qxc3 Qd7 29. Kh2 Qd3 30. Rb1 Nf3+ 31. Kg2 Rf7 32. Rfc1 Nxd2 33. Qxd3 Rxd3 34.
Rb6 Nf3 35. Rcb1 Nh4+ 36. Kf1 Rdd7 37. a4 f5 38. a5 f4 39. Ne2 f3 40. Nc3 g5
41. a6 bxa6 42. Rxa6 Rd6 43. Rbb6 Rfd7 44. Rxc6 Rd1+ {Normal} 0-1

[Event "Rated Blitz game"]
[Site "?"]
[Date "2021.01.05"]
[Round "?"]
[White "Barry_Lindon"]
[Black "Jomajo"]
[Result "1-0"]
[WhiteElo "2478"]
[BlackElo "2569"]
[PlyCount "101"]
[EventDate "2021.??.??"]
[EventType "blitz"]

1. e4 e5 2. Nf3 d5 3. exd5 e4 4. Qe2 Qe7 5. Nd4 Qe5 6. Nb3 Nf6 7. Nc3 Bd6 8. d3
exd3 9. Qxe5+ Bxe5 10. Bxd3 Bxc3+ 11. bxc3 Nxd5 12. O-O O-O 13. Bd2 Nd7 14.
Rfe1 N7f6 15. c4 Nb6 16. Bf4 Be6 17. Bxc7 Nxc4 18. Nc5 Bd5 19. Rab1 b6 20. Ne4
Nxe4 21. Bxc4 Bxc4 22. Rxe4 Bxa2 23. Ra1 Be6 24. Rea4 Rfc8 25. Rxa7 Rxa7 26.
Rxa7 b5 27. c3 f6 28. f3 h5 29. h4 Kh7 30. Ba5 Rc4 31. g3 Bd5 32. Kf2 Kg6 33.
Ke3 Rc6 34. Bb4 Rc8 35. Kf4 Re8 36. Bc5 Bc4 37. Bd4 Re1 38. Bc5 Rf1 39. Bf8 Bf7
40. Rb7 Rc1 41. Bb4 Bc4 42. Bf8 Bf7 43. Bb4 Bc4 44. Rc7 Rd1 45. Rc5 Rd5 46. Rc7
Rf5+ 47. Ke3 Bd5 48. f4 Bc4 49. Bf8 Bf7 50. Ke4 Rd5 51. Rxf7 {Normal} 1-0

[Event "Rated Blitz game"]
[Site "?"]
[Date "2021.01.05"]
[Round "?"]
[White "RnJlaQ64"]
[Black "Tayota"]
[Result "1-0"]
[WhiteElo "2459"]
[BlackElo "2409"]
[PlyCount "141"]
[EventDate "2021.??.??"]
[EventType "blitz"]

1. e4 e5 2. Nf3 d5 3. exd5 e4 4. Qe2 f5 5. d3 Nf6 6. Nbd2 Be7 7. dxe4 fxe4 8.
Nxe4 Nxe4 9. Qxe4 O-O 10. Be3 Bf6 11. O-O-O Nd7 12. Bd3 g6 13. h4 Nb6 14. h5
Bf5 15. Qb4 a5 16. Qb5 Bd7 17. Qb3 a4 18. Qa3 Be7 19. Bc5 Bxc5 20. Qxc5 a3 21.
b3 Qf6 22. hxg6 Qb2+ 23. Kd2 Bg4 24. Qe7 Qg7 25. Qxg7+ Kxg7 26. Rxh7+ Kg8 27.
Rdh1 Bxf3 28. gxf3 Nxd5 29. Bc4 c6 30. Rxb7 Rfb8 31. Rd7 Rd8 32. Rhh7 Rxd7 33.
Rxd7 Rf8 34. Bxd5+ cxd5 35. Rxd5 Rxf3 36. Ke2 Rc3 37. Kd2 Rf3 38. Ra5 Rxf2+ 39.
Kc3 Kg7 40. Rxa3 Kxg6 41. Ra5 Kf6 42. Rc5 Ke6 43. Kb4 Kd6 44. a4 Rf4+ 45. c4
Rf8 46. a5 Rf3 47. a6 Rf1 48. Ra5 Rf8 49. a7 Ra8 50. Kb5 Kc7 51. c5 Kb7 52. c6+
Kc7 53. Kc5 Kc8 54. b4 Kc7 55. b5 Kd8 56. b6 Kc8 57. b7+ Kc7 58. bxa8=N+ Kc8
59. Nb6+ Kc7 60. a8=N+ Kb8 61. Nd7+ Kc8 62. Nab6+ Kc7 63. Ra7+ Kd8 64. c7+ Ke7
65. c8=Q Ke6 66. Nf8+ Ke5 67. Qe6+ Kf4 68. Nd5+ Kf3 69. Rf7+ Kg2 70. Qg6+ Kh1
71. Rh7# {Normal} 1-0

[Event "Rated Blitz tournament wt8Mi5iO"]
[Site "?"]
[Date "2021.01.05"]
[Round "?"]
[White "ThiesHeinemann"]
[Black "khalid_ontawar"]
[Result "1-0"]
[WhiteElo "2419"]
[BlackElo "2205"]
[PlyCount "99"]
[EventDate "2021.??.??"]
[EventType "blitz"]

1. e4 e5 2. Nf3 d5 3. exd5 e4 4. Nd4 Qxd5 5. c3 Bd6 6. d3 exd3 7. Bxd3 Nf6 8.
O-O O-O 9. h3 Nc6 10. Nxc6 Qxc6 11. Nd2 Be6 12. Qc2 Rad8 13. Ne4 Nxe4 14. Bxe4
Bd5 15. Bxd5 Qxd5 16. Be3 Qe5 17. g3 Qe6 18. Kg2 Rfe8 19. Rfe1 Qd5+ 20. Kh2 Qf3
21. Qe2 Qf5 22. Kg2 Re6 23. Qf3 Qg6 24. Rad1 b6 25. Rd5 Rde8 26. Red1 h6 27.
Qf5 Qxf5 28. Rxf5 f6 29. h4 g5 30. hxg5 hxg5 31. Kf3 Kg7 32. Rfd5 Kg6 33. Rh1
f5 34. a4 a5 35. Rdd1 Re4 36. Bxb6 Rxa4 37. Bd4 Rc4 38. Rde1 Rb8 39. Re6+ Kf7
40. Rf6+ Kg8 41. Rhh6 Rxb2 42. Rfg6+ Kf8 43. Rh8+ Kf7 44. Rf6+ Ke7 45. Rh7+ Ke8
46. Rxf5 a4 47. Rxg5 Rb3 48. Ra5 Rxd4 49. Ra8+ Rb8 50. Rxb8# {Normal} 1-0

[Event "Rated Blitz tournament wt8Mi5iO"]
[Site "?"]
[Date "2021.01.05"]
[Round "?"]
[White "KolhozZaria"]
[Black "khalid_ontawar"]
[Result "1-0"]
[WhiteElo "2439"]
[BlackElo "2203"]
[PlyCount "157"]
[EventDate "2021.??.??"]
[EventType "blitz"]

1. e4 e5 2. Nf3 d5 3. exd5 e4 4. Qe2 Nf6 5. d3 Bf5 6. Nc3 Bb4 7. Bd2 Bxc3 8.
Bxc3 O-O 9. Bxf6 exf3 10. Bxd8 fxe2 11. Bxe2 Rxd8 12. c4 c6 13. dxc6 Nxc6 14.
O-O-O Nd4 15. Bf1 Rac8 16. b3 b5 17. Kb2 bxc4 18. dxc4 a5 19. h3 h5 20. Bd3
Bxd3 21. Rxd3 Nc6 22. Rhd1 Kf8 23. Kc3 Rxd3+ 24. Rxd3 Rd8 25. Rf3 Ke7 26. a3
Rb8 27. Rf5 g6 28. Rc5 Kd6 29. Rd5+ Ke6 30. f4 h4 31. Rc5 Rb6 32. Rg5 Rb8 33.
Rc5 Kd6 34. Rd5+ Kc7 35. Rc5 Re8 36. b4 axb4+ 37. axb4 Kb7 38. b5 Na7 39. Rd5
Re3+ 40. Kd4 Rg3 41. Rd7+ Kb6 42. Rxf7 Nc8 43. Rf6+ Kb7 44. c5 Rxg2 45. Rf7+
Kb8 46. b6 Rg3 47. Kd5 Rxh3 48. Kc6 Re3 49. Rf8 Re6+ 50. Kd5 Re7 51. c6 h3 52.
b7 Rxb7 53. cxb7 Kxb7 54. Rh8 Ne7+ 55. Ke6 Nf5 56. Rxh3 Kc6 57. Kf6 Kd5 58.
Kxg6 Ke4 59. Kg5 Nd6 60. Ra3 Nf7+ 61. Kg4 Nd6 62. Ra4+ Kd5 63. Kg5 Ne4+ 64.
Rxe4 Kxe4 65. f5 Ke5 66. f6 Kd6 67. Kg6 Ke6 68. Kg7 Ke5 69. f7 Kd5 70. f8=Q Kc6
71. Qf6+ Kb7 72. Kg6 Kc7 73. Kf5 Kd7 74. Ke5 Kc7 75. Kd5 Kd7 76. Qd6+ Ke8 77.
Qc7 Kf8 78. Ke6 Ke8 79. Qe7# {Normal} 1-0

[Event "Rated Blitz game"]
[Site "?"]
[Date "2021.01.05"]
[Round "?"]
[White "neurobyte"]
[Black "geptil"]
[Result "1-0"]
[WhiteElo "2450"]
[BlackElo "2348"]
[PlyCount "109"]
[EventDate "2021.??.??"]
[EventType "blitz"]

1. e4 e5 2. Nf3 d5 3. exd5 e4 4. Ne5 Qxd5 5. d4 exd3 6. Nxd3 Nf6 7. Nc3 Qf5 8.
Be2 Bd6 9. O-O O-O 10. h3 Nc6 11. Be3 Re8 12. Bf3 Ne5 13. Nxe5 Qxe5 14. g3 Bxh3
15. Bxb7 Rab8 16. Bg2 Bxg2 17. Kxg2 Rxb2 18. Qd3 Qa5 19. Ne2 Qd5+ 20. Qxd5 Nxd5
21. Bd4 Rxc2 22. Ng1 a6 23. Rfc1 Rxc1 24. Rxc1 f6 25. Bc5 Bxc5 26. Rxc5 Rd8 27.
Nf3 Kf7 28. Nd4 Rd6 29. Nf5 Rd7 30. Rc6 Nb6 31. Ne3 g6 32. a4 a5 33. Nc4 Nxa4
34. Nxa5 Nb6 35. Nb7 Nd5 36. Rc1 h5 37. Nc5 Re7 38. Rd1 Nb6 39. f3 g5 40. Ne4
Rd7 41. Rc1 Nd5 42. Rc6 Kg6 43. Nc5 Rd6 44. Rxd6 cxd6 45. Nb7 Ne3+ 46. Kf2 Nc4
47. Ke2 h4 48. gxh4 gxh4 49. Kf2 Kg5 50. Nd8 Kf4 51. Ne6+ Kf5 52. Nd4+ Kf4 53.
Ne2+ Kg5 54. Ng1 Ne5 55. Nh3+ {Time forfeit} 1-0

[Event "Rated Blitz game"]
[Site "?"]
[Date "2021.01.05"]
[Round "?"]
[White "AyUsHaDoLsOnOv"]
[Black "Tayota"]
[Result "1-0"]
[WhiteElo "2491"]
[BlackElo "2391"]
[PlyCount "91"]
[EventDate "2021.??.??"]
[EventType "blitz"]

1. e4 e5 2. Nf3 d5 3. d4 dxe4 4. Nxe5 Bd6 5. Nc4 Nf6 6. Nxd6+ cxd6 7. c4 O-O 8.
Nc3 h6 9. d5 Bf5 10. Be2 a6 11. O-O Nbd7 12. Be3 Re8 13. Bd4 Ne5 14. Rc1 Rc8
15. b3 Bg6 16. Qd2 Nd3 17. Rcd1 Qd7 18. Bxd3 exd3 19. Bxf6 gxf6 20. Qxh6 Qg4
21. h3 Qg5 22. Qxg5 fxg5 23. a4 Re2 24. Rfe1 Rc2 25. Ne4 Rb2 26. Rxd3 Kg7 27.
Nxd6 Bxd3 28. Nxc8 Rxb3 29. Nd6 Rc3 30. Re7 Bxc4 31. Rc7 Rd3 32. Rxc4 Rxd5 33.
Nxb7 f5 34. Nc5 a5 35. Nb3 Kg6 36. Rc5 Rd3 37. Nxa5 Ra3 38. Rc4 f4 39. Nc6 Kf5
40. a5 g4 41. Rc5+ Ke4 42. hxg4 f3 43. Re5+ Kf4 44. gxf3 Kxf3 45. Re3+ Rxe3 46.
fxe3 {Normal} 1-0

[Event "Rated Blitz game"]
[Site "?"]
[Date "2021.01.05"]
[Round "?"]
[White "Barry_Lindon"]
[Black "Jomajo"]
[Result "0-1"]
[WhiteElo "2484"]
[BlackElo "2563"]
[PlyCount "78"]
[EventDate "2021.??.??"]
[EventType "blitz"]

1. e4 e5 2. Nf3 d5 3. Nc3 d4 4. Ne2 d3 5. cxd3 Nc6 6. Ng3 Bc5 7. Be2 Nf6 8. O-O
O-O 9. b3 Bd4 10. Nxd4 Nxd4 11. Ba3 Re8 12. Rc1 c6 13. Bb2 a5 14. f4 Qd6 15.
fxe5 Rxe5 16. Rc4 c5 17. Nh5 Nxe2+ 18. Qxe2 Nxh5 19. Bxe5 Qxe5 20. Qf2 Nf6 21.
Rxc5 Qe7 22. e5 Ng4 23. Qd4 Be6 24. h3 Rd8 25. Qc3 Nh6 26. Rxa5 Nf5 27. Rf3 Nd4
28. Re3 Bf5 29. Ra4 Qd7 30. Rc4 h6 31. a4 Be6 32. Rb4 Nc6 33. Rf4 Ne7 34. Qc5
Nd5 35. Rd4 Rc8 36. Qa7 Qe7 37. Re1 Rc2 38. Rc4 Rxd2 39. Qxb7 Qxb7 {Normal} 0-1

[Event "Rated Blitz game"]
[Site "?"]
[Date "2021.01.05"]
[Round "?"]
[White "ljdr"]
[Black "Dzon_Vejn"]
[Result "1-0"]
[WhiteElo "2424"]
[BlackElo "2384"]
[PlyCount "71"]
[EventDate "2021.??.??"]
[EventType "blitz"]

1. e4 e5 2. Nf3 d5 3. exd5 e4 4. Qe2 Nf6 5. d3 Qxd5 6. Nbd2 Be7 7. Nxe4 O-O 8.
Bd2 Nc6 9. Bc3 Bg4 10. h3 Bf5 11. Bxf6 Bxf6 12. Nxf6+ gxf6 13. Qd2 Rfe8+ 14.
Be2 Re7 15. O-O Rae8 16. Rfe1 Bc8 17. c3 a5 18. d4 Bf5 19. c4 Qe4 20. Bf1 Qc2
21. Rxe7 Rxe7 22. Qh6 Qxb2 23. Rd1 Bg6 24. Qf4 Qxa2 25. Qxf6 Re6 26. Qf4 Re7
27. d5 Nb4 28. Qf6 Re8 29. Qf4 Na6 30. h4 b6 31. g4 Be4 32. Ng5 Bc2 33. Qxf7+
Kh8 34. Qxe8+ Kg7 35. Qf7+ Kh8 36. Qf8# {Normal} 1-0

[Event "Rated Blitz game"]
[Site "?"]
[Date "2021.01.05"]
[Round "?"]
[White "AlexIwanowitschL"]
[Black "Tayota"]
[Result "0-1"]
[WhiteElo "2407"]
[BlackElo "2370"]
[PlyCount "98"]
[EventDate "2021.??.??"]
[EventType "blitz"]

1. e4 e5 2. Nf3 d5 3. Nxe5 Qe7 4. d4 f6 5. Qh5+ g6 6. Nxg6 Qxe4+ 7. Qe2 hxg6 8.
Nc3 Bb4 9. Bd2 Bxc3 10. Bxc3 Nc6 11. O-O-O Bg4 12. f3 Qxe2 13. Bxe2 Bf5 14. Bb5
Nge7 15. h3 O-O-O 16. Rde1 a6 17. Bxc6 Nxc6 18. g4 Bd7 19. h4 f5 20. g5 Rde8
21. f4 Be6 22. Kd2 Kd7 23. Rh3 Bf7 24. Rf1 Re4 25. Kd3 b5 26. a3 a5 27. b3 Rhe8
28. Bb2 Re2 29. Bc3 b4 30. axb4 axb4 31. Bd2 Nxd4 32. Be3 c5 33. Ra1 R8xe3+ 34.
Rxe3 Rxe3+ 35. Kd2 Re2+ 36. Kd3 Rxc2 37. Ra7+ Ke6 38. Ra6+ Ke7 39. h5 Rc3+ 40.
Kd2 gxh5 41. g6 Bxg6 42. Rxg6 Rxb3 43. Rh6 Rh3 44. Rh7+ Kd6 45. Rh6+ Kc7 46.
Rh7+ Kb6 47. Rd7 Kc6 48. Rh7 b3 49. Rh6+ Kb5 {Normal} 0-1

[Event "Rated Blitz game"]
[Site "?"]
[Date "2021.01.05"]
[Round "?"]
[White "thekinglear"]
[Black "drdumbo"]
[Result "0-1"]
[WhiteElo "2400"]
[BlackElo "2478"]
[PlyCount "30"]
[EventDate "2021.??.??"]
[EventType "blitz"]

1. e4 e5 2. Nf3 d5 3. exd5 Bd6 4. Bb5+ c6 5. dxc6 bxc6 6. Bc4 e4 7. Qe2 Qe7 8.
Ng1 Nf6 9. d3 O-O 10. dxe4 Bg4 11. Nf3 Nbd7 12. O-O Ne5 13. Nbd2 Rfe8 14. h3
Bh5 15. g4 Nfxg4 {Time forfeit} 0-1

[Event "Rated Blitz game"]
[Site "?"]
[Date "2021.01.05"]
[Round "?"]
[White "GlennTipton"]
[Black "Tayota"]
[Result "1-0"]
[WhiteElo "2424"]
[BlackElo "2372"]
[PlyCount "71"]
[EventDate "2021.??.??"]
[EventType "blitz"]

1. e4 e5 2. Nf3 d5 3. Nxe5 Qe7 4. d4 f6 5. Nd3 Nc6 6. Be3 dxe4 7. Nf4 Qf7 8.
Nd2 Be6 9. Nxe4 O-O-O 10. c3 Nh6 11. Bb5 Nf5 12. Bxc6 bxc6 13. Qa4 Bd5 14. Ng3
Nxe3 15. fxe3 g5 16. Nxd5 Qxd5 17. e4 Qb5 18. Qxb5 cxb5 19. O-O Rd6 20. Rf5 h5
21. Raf1 h4 22. Ne2 Be7 23. Rxb5 Rb6 24. Rxb6 axb6 25. Rf5 h3 26. Ng3 Rh4 27.
gxh3 Rxh3 28. Kg2 Rh4 29. e5 fxe5 30. Rxe5 Kd7 31. Rxe7+ Kxe7 32. Nf5+ Kf6 33.
Nxh4 gxh4 34. Kh3 Kg5 35. c4 c6 36. b4 {Normal} 1-0

[Event "Rated Blitz game"]
[Site "?"]
[Date "2021.01.05"]
[Round "?"]
[White "www68"]
[Black "vitalirapid83"]
[Result "1-0"]
[WhiteElo "2533"]
[BlackElo "2406"]
[PlyCount "105"]
[EventDate "2021.??.??"]
[EventType "blitz"]

1. e4 e5 2. Nf3 d5 3. Nxe5 dxe4 4. d4 Nd7 5. Bf4 Ngf6 6. Bc4 Nxe5 7. Bxe5 Bd6
8. Nc3 Bf5 9. O-O O-O 10. f3 e3 11. f4 c6 12. Qe2 b5 13. Bd3 Bxd3 14. Qxd3 b4
15. Bxf6 Qxf6 16. Ne4 Qe7 17. Nxd6 Qxd6 18. Qxe3 Rfe8 19. Qd3 Rad8 20. Rae1 g6
21. Rxe8+ Rxe8 22. g3 Qd5 23. b3 Re4 24. Rd1 Qe6 25. Kf2 f5 26. d5 cxd5 27.
Qxd5 Re2+ 28. Kf3 Re3+ 29. Kg2 Re2+ 30. Kh3 Qxd5 31. Rxd5 Rxc2 32. Ra5 Rc7 33.
Ra4 Rb7 34. Kh4 Kg7 35. h3 h6 36. g4 fxg4 37. hxg4 Kf6 38. Ra6+ Kg7 39. f5 gxf5
40. gxf5 Kh7 41. Kh5 Kg7 42. Rg6+ Kf7 43. Rxh6 Rb5 44. Kg5 a5 45. Rh7+ Kf8 46.
Ra7 Rc5 47. Kg6 Rc2 48. Ra8+ Ke7 49. f6+ Ke6 50. Re8+ Kd7 51. f7 Rg2+ 52. Kh5
Rh2+ 53. Kg4 {Normal} 1-0

[Event "Rated Blitz tournament 4YnQD4Fy"]
[Site "?"]
[Date "2021.01.05"]
[Round "?"]
[White "Iron_man15"]
[Black "Aduna"]
[Result "1-0"]
[WhiteElo "2433"]
[BlackElo "2318"]
[PlyCount "95"]
[EventDate "2021.??.??"]
[EventType "blitz"]

1. e4 e5 2. Nf3 d5 3. exd5 e4 4. Ng1 Nf6 5. Nc3 Bc5 6. d3 exd3 7. Bxd3 O-O 8.
Nf3 Re8+ 9. Be2 Bb4 10. O-O Bxc3 11. bxc3 Nxd5 12. Bd3 h6 13. Bb2 c5 14. c4 Nb4
15. Qd2 N8c6 16. Qc3 f6 17. Bg6 Rf8 18. Rad1 Qc7 19. Rfe1 Bg4 20. a3 Na6 21. h3
Bd7 22. Qd3 Be8 23. Bh7+ Kh8 24. Be4 Bf7 25. Nh4 Rad8 26. Qf3 Nd4 27. Bxd4 Rxd4
28. Rxd4 cxd4 29. Qf5 g6 30. Nxg6+ Bxg6 31. Qxg6 Qg7 32. Qf5 b6 33. Bd5 Nc5 34.
Qf4 Qg5 35. Qxd4 Qg6 36. Re7 Re8 37. Rxa7 Re5 38. Ra8+ Kh7 39. Ra7+ Kh8 40. Qf4
Qg5 41. Ra8+ Kg7 42. Rg8+ Kh7 43. Rxg5 hxg5 44. Qxf6 Nd7 45. Qf7+ Kh6 46. Qxd7
Re1+ 47. Kh2 g4 48. Qxg4 {Normal} 1-0

[Event "Rated Blitz game"]
[Site "?"]
[Date "2021.01.05"]
[Round "?"]
[White "nebulo89"]
[Black "Jomajo"]
[Result "0-1"]
[WhiteElo "2410"]
[BlackElo "2569"]
[PlyCount "102"]
[EventDate "2021.??.??"]
[EventType "blitz"]

1. e4 e5 2. Nf3 d5 3. Nc3 d4 4. Ne2 d3 5. cxd3 Nc6 6. d4 Nxd4 7. Nfxd4 exd4 8.
d3 Ne7 9. Ng3 c5 10. Be2 g6 11. O-O h5 12. Re1 h4 13. Nf1 Nc6 14. f4 Bh6 15. h3
O-O 16. Nh2 Qd6 17. Rf1 f5 18. e5 Qe7 19. Nf3 Be6 20. b3 Nb4 21. Bd2 Nd5 22.
Qc1 Rfd8 23. Ne1 a5 24. Bf3 b6 25. Bxd5 Bxd5 26. Nf3 a4 27. bxa4 Rxa4 28. Qb2
Ra6 29. a4 Rda8 30. Kh1 Kh8 31. Qb1 Bc6 32. Qe1 Bxf3 33. gxf3 Rxa4 34. Rxa4
Rxa4 35. Rg1 Kh7 36. Qb1 Qe6 37. Qb5 Ra2 38. Rg2 c4 39. dxc4 Rc2 40. Qa6 Rxc4
41. Qb7+ Bg7 42. Kh2 Rc2 43. Be1 Rxg2+ 44. Kxg2 d3 45. Bxh4 Qa2+ 46. Kg3 Qb1
47. Kg2 Qc2+ 48. Kg3 Qd1 49. Bf6 Qg1+ 50. Kh4 Qf2+ 51. Kg5 Qg3# {Normal} 0-1

[Event "Rated Blitz game"]
[Site "?"]
[Date "2021.01.05"]
[Round "?"]
[White "dmitry-lavrik"]
[Black "geptil"]
[Result "1-0"]
[WhiteElo "2484"]
[BlackElo "2359"]
[PlyCount "53"]
[EventDate "2021.??.??"]
[EventType "blitz"]

1. e4 e5 2. Nf3 d5 3. Nxe5 Bd6 4. d4 dxe4 5. Bc4 Bxe5 6. Qh5 Qe7 7. dxe5 Nc6 8.
Bf4 Be6 9. Bxe6 Qxe6 10. Nc3 O-O-O 11. O-O f5 12. Qg5 Nxe5 13. Qxg7 Nf6 14.
Rad1 Rdg8 15. Qh6 Rg6 16. Qh3 Rhg8 17. Bg3 Nfg4 18. Nd5 Rh6 19. Bh4 Nf3+ 20.
gxf3 Nxf2+ 21. Kxf2 e3+ 22. Ke2 Rxh4 23. Qxh4 Rg2+ 24. Ke1 e2 25. Ne7+ Qxe7 26.
Qxe7 exd1=Q+ 27. Kxd1 {Normal} 1-0

[Event "Rated Blitz game"]
[Site "?"]
[Date "2021.01.05"]
[Round "?"]
[White "cyrilortega62"]
[Black "geptil"]
[Result "1-0"]
[WhiteElo "2479"]
[BlackElo "2363"]
[PlyCount "63"]
[EventDate "2021.??.??"]
[EventType "blitz"]

1. e4 e5 2. Nf3 d5 3. exd5 e4 4. Ne5 Qxd5 5. d4 exd3 6. Nxd3 Nf6 7. Nc3 Qf5 8.
Be2 Bd6 9. O-O O-O 10. h3 Nc6 11. Be3 Re8 12. Bf3 Ne5 13. Nxe5 Qxe5 14. g3 Bxh3
15. Re1 Qf5 16. Bxb7 Rac8 17. Qf3 Rb8 18. Qxf5 Bxf5 19. Bc6 Red8 20. Bxa7 Rxb2
21. Rad1 Rxc2 22. Bd4 h6 23. Ba4 Rb2 24. Nd5 Rxa2 25. Bb3 Ra3 26. Nxf6+ gxf6
27. Bxf6 Rb8 28. Bc4 Ra4 29. Rd4 Rbb4 30. Re8+ Kh7 31. Bxf7 Rxd4 32. Rh8# {
Normal} 1-0

[Event "Rated Blitz game"]
[Site "?"]
[Date "2021.01.04"]
[Round "?"]
[White "d_Ba"]
[Black "KamranShirazi"]
[Result "0-1"]
[WhiteElo "2437"]
[BlackElo "2515"]
[PlyCount "96"]
[EventDate "2021.??.??"]
[EventType "blitz"]

1. e4 e5 2. Nf3 d5 3. exd5 e4 4. Nd4 Qxd5 5. c3 Nf6 6. d3 exd3 7. Qxd3 Bd6 8.
c4 Qe5+ 9. Qe3 O-O 10. Qxe5 Bxe5 11. Be3 Ng4 12. Nc3 Nxe3 13. fxe3 c6 14. Kd2
Rd8 15. Kc2 Bxd4 16. exd4 Rxd4 17. Rd1 Bf5+ 18. Kc1 Rxd1+ 19. Nxd1 Na6 20. Ne3
Bg6 21. Be2 Re8 22. Kd2 Nb4 23. a3 Rd8+ 24. Kc3 Na6 25. Bf3 Re8 26. Kd2 Nc5 27.
b4 Nb3+ 28. Ke2 Nd4+ 29. Kf2 a5 30. Rd1 Nxf3 31. Kxf3 axb4 32. axb4 f5 33. b5
Bh5+ 34. g4 fxg4+ 35. Kf2 g3+ 36. hxg3 Rxe3 37. Rh1 Rf3+ 38. Kg2 Bg4 39. Rh4 h5
40. Rh1 cxb5 41. cxb5 Rb3 42. Rc1 Rb2+ 43. Kg1 Rxb5 44. Kf2 Rb3 45. Rc7 Kh7 46.
Re7 b5 47. Rb7 b4 48. Kg2 Rb2+ {Normal} 0-1

[Event "Rated Blitz tournament YCVSqVKz"]
[Site "?"]
[Date "2021.01.04"]
[Round "?"]
[White "Alexchess21"]
[Black "Tayota"]
[Result "0-1"]
[WhiteElo "2415"]
[BlackElo "2375"]
[PlyCount "72"]
[EventDate "2021.??.??"]
[EventType "blitz"]

1. e4 e5 2. Nf3 d5 3. Nxe5 Qe7 4. d4 f6 5. Qh5+ g6 6. Nxg6 Qxe4+ 7. Be3 Qxg6 8.
Qf3 Ne7 9. Bd3 Bf5 10. Be2 Bxc2 11. Na3 Be4 12. Qf4 Nbc6 13. Qh4 h5 14. Nb5
O-O-O 15. f3 Bd3 16. Rc1 Bxe2 17. Kxe2 Nf5 18. Qf4 Bd6 19. Nxd6+ Nxd6 20. Kf2
Rhe8 21. Rhe1 Nc4 22. b3 Nxe3 23. Rxe3 Qg5 24. Qxg5 fxg5 25. Rce1 Rxe3 26. Rxe3
Nxd4 27. Re5 g4 28. Rxh5 gxf3 29. g4 c6 30. g5 Re8 31. h4 Re2+ 32. Kf1 Rg2 33.
Rh8+ Kc7 34. Rg8 Nf5 35. h5 Ng3+ 36. Ke1 f2+ {Normal} 0-1

[Event "Rated Blitz game"]
[Site "?"]
[Date "2021.01.04"]
[Round "?"]
[White "calito1969"]
[Black "drdumbo"]
[Result "0-1"]
[WhiteElo "2490"]
[BlackElo "2472"]
[PlyCount "42"]
[EventDate "2021.??.??"]
[EventType "blitz"]

1. e4 e5 2. Nf3 d5 3. Nxe5 Bd6 4. d4 dxe4 5. Bc4 Bxe5 6. dxe5 Qxd1+ 7. Kxd1
Bg4+ 8. Be2 Bxe2+ 9. Kxe2 Nc6 10. Bf4 Nd4+ 11. Kd1 O-O-O 12. Nd2 Ne7 13. Re1
Ng6 14. Rxe4 Rhe8 15. Bg3 f5 16. exf6 Rxe4 17. Nxe4 Nb3+ 18. Ke2 Nxa1 19. fxg7
Nxc2 20. Nf6 Nd4+ 21. Kf1 Ne7 {Normal} 0-1